| 000 | 00493nam a2200133 a 4500 | ||
|---|---|---|---|
| 008 | 160815s2001 ||||||||||||||||| || u | ||
| 020 | _a9781444704709 | ||
| 050 | _aPR 6053.O48645K5 | ||
| 245 | 0 | 4 |
_aThe killing kind _cBy John Connolly |
| 260 |
_aLondon _bHodder and Stoughton _c2001 |
||
| 300 | _aiv, 372 pages | ||
| 650 | _aENGLISH LANGUAGE | ||
| 995 |
_aFICTION Collection _e746797 _FCBU-SCHOOL OF MEDICINE LIBRARY (Ndola) _jPR 6053.O48645K5 _M1 _UAVAILABLE _WSep 27, 2016 _y746797 _ZFiction Collection |
||
| 999 |
_c31878 _d31878 |
||